| 000 | 00503nam a22001937a 4500 | ||
|---|---|---|---|
| 999 |
_c174515 _d174515 |
||
| 003 | Nust | ||
| 005 | 20180801060818.0 | ||
| 008 | 170131b xxu||||| |||| 00| 0 eng d | ||
| 020 |
_a9780140817799 _cRs. 440 |
||
| 038 | _aArshad | ||
| 040 | _aNUST - Fiction | ||
| 082 |
_a823 _bDAH |
||
| 100 |
_aDahl, Roald _97692 |
||
| 245 |
_aTen short stories / _cby Roald Dahl. |
||
| 260 |
_aNew Delhi: _bPenguin books, _c2000. |
||
| 300 | _a190 p. | ||
| 650 |
_aShort stories _vFiction _912213 |
||
| 942 |
_2ddc _cBK |
||